Gemeinden Landkreis Haßberge - Statistiken

Allgemein
  • Dieses Quiz wurde 39 mal gespielt
  • Das Durchschnittsergebnis liegt bei 12 aus 26
Antwortstatistiken
Einwohner Gemeindeart Gemeinde % Korrekt
13.501 Stadt, Kreisstadt Haßfurt
100%
7.317 Stadt Ebern
76%
3.588 Stadt Königsberg in Bayern
69%
5.624 Stadt Zeil am Main
69%
5.095 Stadt Hofheim in Unterfranken
66%
5.357 Stadt Eltmann
62%
3.142 Gemeinde Sand am Main
55%
3.749 Gemeinde Ebelsbach
52%
3.265 Markt Maroldsweisach
52%
6.485 Gemeinde Knetzgau
45%
1.349 Markt Burgpreppach
41%
2.705 Gemeinde Theres
41%
1.308 Gemeinde Kirchlauter
38%
3.954 Gemeinde Oberaurach
38%
1.472 Gemeinde Pfarrweisach
38%
1.989 Gemeinde Wonfurt
38%
1.023 Gemeinde Breitbrunn
34%
1.242 Gemeinde Gädheim
34%
2.899 Gemeinde Rauhenebrach
34%
1.154 Gemeinde Stettfeld
34%
554 Gemeinde Ermershausen
31%
1.598 Markt Rentweinsdorf
31%
1.703 Gemeinde Untermerzbach
28%
1.699 Gemeinde Aidhausen
24%
1.724 Gemeinde Riedbach
24%
888 Gemeinde Bundorf
17%
Keine übereinstimmenden Quizze gefunden
Verteilung der Resultate
Anzahl Personen mit jedem Resultat
Perzentil nach korrekt beantworteten Fragen
Ihre Resultats-Entwicklung
Sie haben dieses Quiz noch nicht gespielt